Authors and their Novels #2 - Statistics

General Stats
  • This quiz has been taken 51 times
  • The average score is 11 of 33
Answer Stats
Novel % Correct
Oliver Twist
79%
Treasure Island
79%
A Tale of Two Cities
74%
Carrie
71%
Jane Eyre
69%
The Shining
67%
David Copperfield
62%
It
62%
Great Expectations
60%
The Stand
50%
Bleak House
48%
Slaughterhouse-Five
48%
Cujo
40%
The Strange Case of Dr. Jekyll and Mr. Hyde
40%
Misery
31%
The Pickwick Papers
31%
Cat's Cradle
29%
The Corrections
26%
The Prime of Miss Jean Brodie
26%
Villette
26%
Breakfast of Champions
24%
The Green Mile
24%
Shirley
21%
Salem's Lot
17%
Martin Chuzzlewit
12%
Freedom
10%
Purity
10%
Strong Motion
2%
The Ballad of Peckham Rye
2%
The Twenty-Seventh City
2%
Hocus Pocus
0%
Memento Mori
0%
The Driver's Seat
0%
No matching quizzes found
Score Distribution
Percent of People with Each Score
Percentile by Number Answered
Your Score History
You have not taken this quiz